01231nam a2200241Ia 4500001001100000003001000011008004100021040002500062041001300087100002100100245002200121250001100143260005500154300001200209500020300221501011400424520020300538650003100741942000700772957000600779999004200785952016200827L922-42311IT-CnALBA170116s9999||||xx |||||||||||||| ||und|| aIT-CnALBAcIT-CnALBA aITALIANO aVETTORI VITTORIO 0aGIOVANNI PAPINI.  a1a ed. a TORINO. ROMAbBORLA EDITORE c1967 [1° Ed.:1967] a171 p.  aSCRITTORI DEL SECOLO. TESTIMONE E POETA. UNA FORZA. IL RILANCIO. SECONDA NASCITA. CATTEDRA E FELUCA. BATTAGLIE. UN GIUDIZIO E UNA VITA. MOMENTO CULMINANTE DELLA VITA. CONCLUSIONE. CENNI BIOGRAFICI.  aSocietà San Paolo EM - Piazza San Paolo, 14 - 12051 ALBA (CN) (non commercial uses only) ® Copyright 2017 aSCRITTORI DEL SECOLO. TESTIMONE E POETA. UNA FORZA. IL RILANCIO. SECONDA NASCITA. CATTEDRA E FELUCA. BATTAGLIE. UN GIUDIZIO E UNA VITA. MOMENTO CULMINANTE DELLA VITA. CONCLUSIONE. CENNI BIOGRAFICI.  aBIOGRAFIE, UOMINI ILLUSTRI cBK 71 a47705bNOg Copie: 1 c301280d301280 0010406L_9224231171aALBAbALBAd2017-01-16l0oL922-42311r2017-01-16 00:00:00w2017-01-16yBKz(data import: 16 gennaio 2017) - By Epidotti, Vaglietti.